[Event "Titled Tuesday intern op 08th Aug Early"]
[Site "Chess.com INT"]
[Date "2023.08.08"]
[Round "2"]
[White "Bures, Vit"]
[Black "Christie, Joshua"]
[Result "0-1"]
[WhiteElo "2176"]
[BlackElo "2272"]
[PlyCount "82"]
[EventDate "2023.08.08"]
[EventType "swiss (blitz)"]
[EventRounds "11"]
[EventCountry "USA"]
[SourceTitle "EXT 2024"]
[Source "ChessBase"]
[SourceDate "2023.10.10"]
[SourceVersion "1"]
[SourceVersionDate "2023.10.10"]
[SourceQuality "1"]

1. d4 Nf6 2. c4 e6 3. Nc3 Bb4 4. e3 0-0 5. Nge2 c5 6. a3 Bxc3+ 7. Nxc3 cxd4 8. exd4 d5 9. c5 b6 10. Be2 Ba6 11. 0-0 Bxe2 12. Qxe2 Nc6 13. Be3 bxc5 14. dxc5 d4 15. Rfd1 e5 16. Bg5 h6 17. Bh4 g5 18. Bg3 Nd5 19. Qc4 dxc3 20. Rxd5 cxb2 21. Rad1 Qa5 22. h4 Rad8 23. hxg5 Rxd5 24. Qxd5 Rd8 25. Qf3 Rxd1+ 26. Qxd1 Qc3 27. Kh2 Qc1 28. Qd7 b1Q 29. Qe8+ Kg7 30. Bxe5+ Kg6 31. Qxc6+ Kf5 32. Qf6+ Ke4 33. gxh6 Qh1+ 34. Kg3 Qh5 35. Qf4+ Kd3 36. Qd4+ Kc2 37. Qc3+ Kd1 38. Qd4+ Ke2 39. Qe3+ Kf1 40. Bc3 Qbg6+ 41. Kf4 Qhxh6+ 0-1

[Event "Caribean-chT 24th"]
[Site "San Salvador"]
[Date "2023.07.06"]
[Round "5.1"]
[White "Valderrama Quiceno, Esteban Alberto"]
[Black "Christie, Joshua"]
[Result "1-0"]
[WhiteElo "2546"]
[BlackElo "2201"]
[PlyCount "101"]
[EventDate "2023.07.06"]
[EventType "tourn"]
[EventRounds "15"]
[EventCountry "ESA"]
[SourceTitle "CBM 215 Extra"]
[Source "ChessBase"]
[SourceDate "2023.09.30"]
[SourceVersion "1"]
[SourceVersionDate "2023.09.30"]
[SourceQuality "1"]
[WhiteTeam "Colombia"]
[BlackTeam "Jamaica"]
[WhiteTeamCountry "COL"]
[BlackTeamCountry "JAM"]

1. Nf3 Nf6 2. g3 g6 3. Bg2 Bg7 4. 0-0 0-0 5. c4 c6 6. d4 d5 7. Ne5 dxc4 8. Nxc4 Nbd7 9. Nc3 Nb6 10. Na5 Nbd5 11. Nb3 Nxc3 12. bxc3 Nd5 13. Qd3 e5 14. e4 Nb6 15. Rd1 exd4 16. cxd4 Re8 17. h3 Be6 18. Nc5 Qe7 19. Bb2 Rad8 20. Qc2 Nc4 21. Bc3 b6 22. Nxe6 Qxe6 23. d5 cxd5 24. Bxg7 Kxg7 25. exd5 Qe2 26. Qc3+ Ne5 27. Re1 Qc4 28. Qb2 f6 29. Rac1 Qa4 30. Rc7+ Rd7 31. Rxd7+ Qxd7 32. Qc3 Rc8 33. Qd4 Rd8 34. f4 Nf7 35. Qb2 Qd6 36. Re6 Qc5+ 37. Kh2 Rd6 38. Qxf6+ Kf8 39. h4 b5 40. h5 gxh5 41. Qe7+ Kg7 42. f5 b4 43. Qf6+ Kf8 44. Qe7+ Kg7 45. f6+ Kg6 46. Be4+ Kg5 47. Qxf7 Qf2+ 48. Bg2 h4 49. Qg7+ Kf5 50. g4+ Kf4 51. Re4# 1-0

[Event "Caribean-chT Rapid 24th"]
[Site "San Salvador"]
[Date "2023.07.04"]
[Round "10.1"]
[White "Hernandez Guerrero, Gilberto Eduardo"]
[Black "Christie, Joshua"]
[Result "1-0"]
[WhiteElo "2527"]
[BlackElo "2185"]
[PlyCount "95"]
[EventDate "2023.07.03"]
[EventType "tourn (rapid)"]
[EventRounds "15"]
[EventCountry "ESA"]
[SourceTitle "CBM 215 Extra"]
[Source "ChessBase"]
[SourceDate "2023.09.30"]
[SourceVersion "1"]
[SourceVersionDate "2023.09.30"]
[SourceQuality "1"]
[WhiteTeam "Mexico"]
[BlackTeam "Jamaica"]
[WhiteTeamCountry "MEX"]
[BlackTeamCountry "JAM"]

1. e4 e6 2. d3 c5 3. g3 Nc6 4. Bg2 g6 5. f4 Bg7 6. Nf3 Nge7 7. c3 d6 8. 0-0 b5 9. a3 a5 10. Be3 0-0 11. d4 cxd4 12. cxd4 d5 13. e5 a4 14. Nc3 Ba6 15. Re1 Na5 16. Bf2 Rc8 17. Na2 Nb3 18. Rb1 Qb6 19. Nd2 Nxd2 20. Qxd2 Rc7 21. Nb4 Rfc8 22. Rec1 Nc6 23. Rxc6 Rxc6 24. Nxc6 Rxc6 25. Bf1 Bf8 26. Bd3 b4 27. Bxa6 Qxa6 28. axb4 Rc4 29. Rc1 Bxb4 30. Qd1 Qc6 31. Be3 Ba5 32. Kg2 Qb5 33. Qe2 Qb3 34. h4 h5 35. Rxc4 dxc4 36. d5 c3 37. dxe6 Qxe6 38. bxc3 Qc6+ 39. Kh2 Bxc3 40. Qc2 Kh7 41. Bd4 Qf3 42. Bxc3 a3 43. e6 fxe6 44. Ba1 Kh6 45. Bf6 Qb7 46. Qa2 Qa6 47. Be7 Qc6 48. Bxa3 1-0

[Event "Caribean-chT Rapid 24th"]
[Site "San Salvador"]
[Date "2023.07.03"]
[Round "4.1"]
[White "Christie, Joshua"]
[Black "Albornoz Cabrera, Carlos Daniel"]
[Result "0-1"]
[WhiteElo "2185"]
[BlackElo "2616"]
[PlyCount "69"]
[EventDate "2023.07.03"]
[EventType "tourn (rapid)"]
[EventRounds "15"]
[EventCountry "ESA"]
[SourceTitle "CBM 215 Extra"]
[Source "ChessBase"]
[SourceDate "2023.09.30"]
[SourceVersion "1"]
[SourceVersionDate "2023.09.30"]
[SourceQuality "1"]
[WhiteTeam "Jamaica"]
[BlackTeam "Cuba"]
[WhiteTeamCountry "JAM"]
[BlackTeamCountry "CUB"]

1. d4 Nf6 2. c4 e6 3. Nc3 Bb4 4. Qc2 0-0 5. Nf3 d5 6. e3 b6 7. cxd5 exd5 8. Bd3 Bb7 9. 0-0 a6 10. a3 Bd6 11. e4 dxe4 12. Nxe4 Nxe4 13. Bxe4 Bxe4 14. Qxe4 Nd7 15. Bg5 Qe8 16. Qd5 Qe2 17. Qf5 Qb5 18. Qg4 f5 19. Qh4 Rae8 20. Rab1 f4 21. Qg4 Qf5 22. Qxf5 Rxf5 23. Rfe1 Rff8 24. Ne5 Nxe5 25. dxe5 Bxe5 26. f3 Bd4+ 27. Kf1 Rxe1+ 28. Kxe1 Rf5 29. Bd8 Rc5 30. Kf1 Rc2 31. Rd1 c5 32. b4 Be3 33. Bxb6 c4 34. Bd4 c3 35. Bxe3 0-1

[Event "Caribean-chT Rapid 24th"]
[Site "San Salvador"]
[Date "2023.07.03"]
[Round "3.1"]
[White "Johnson, Joshua"]
[Black "Christie, Joshua"]
[Result "0-1"]
[WhiteElo "2207"]
[BlackElo "2185"]
[PlyCount "114"]
[EventDate "2023.07.03"]
[EventType "tourn (rapid)"]
[EventRounds "15"]
[EventCountry "ESA"]
[SourceTitle "CBM 215 Extra"]
[Source "ChessBase"]
[SourceDate "2023.09.30"]
[SourceVersion "1"]
[SourceVersionDate "2023.09.30"]
[SourceQuality "1"]
[WhiteTeam "Trinidad and Tobago"]
[BlackTeam "Jamaica"]
[WhiteTeamCountry "TRI"]
[BlackTeamCountry "JAM"]

1. e4 e6 2. d4 d5 3. e5 c5 4. c3 Qb6 5. Nf3 Nc6 6. Be2 Nh6 7. Bxh6 gxh6 8. Qd2 Bg7 9. 0-0 0-0 10. Na3 cxd4 11. cxd4 f6 12. exf6 Rxf6 13. Nc2 Bd7 14. b4 Raf8 15. b5 Ne7 16. Ne5 Be8 17. a4 Qd6 18. Ne3 h5 19. Nc2 Ng6 20. Nd3 Nf4 21. Nxf4 Qxf4 22. Qxf4 Rxf4 23. g3 R4f6 24. Rad1 Bg6 25. Nb4 Rc8 26. Rfe1 Rff8 27. Bf1 Kf7 28. Bh3 Rfe8 29. Bf1 Rc3 30. Rd2 Rb3 31. Nd3 Bxd4 32. Nc1 Rb4 33. Rde2 Bf5 34. Ra2 Rb1 35. Rd1 Bb2 36. Rxb2 Rxb2 37. Ne2 Bg4 38. Re1 Bxe2 39. Bxe2 Kf6 40. Bxh5 Rd8 41. f4 d4 42. Bg4 Rd6 43. Rc1 d3 44. h4 Rc2 45. Rd1 a6 46. bxa6 bxa6 47. Kf1 a5 48. Bf3 d2 49. Ke2 Rc4 50. Ke3 Rxa4 51. Be4 Ra3+ 52. Kf2 h6 53. g4 Rd4 54. g5+ Kg7 55. gxh6+ Kxh6 56. Bc2 Rxf4+ 57. Ke2 Rxh4 0-1

[Event "American Continental 17th"]
[Site "Juan Dolio"]
[Date "2023.05.22"]
[Round "10"]
[White "Quesada Perez, Luis Ernesto"]
[Black "Christie, Joshua"]
[Result "1-0"]
[WhiteElo "2559"]
[BlackElo "2294"]
[PlyCount "81"]
[EventDate "2023.05.15"]
[EventType "swiss"]
[EventRounds "11"]
[EventCountry "DOM"]
[SourceTitle "CBM 214 Extra"]
[Source "ChessBase"]
[SourceDate "2023.07.31"]
[SourceVersion "1"]
[SourceVersionDate "2023.07.31"]
[SourceQuality "1"]

1. d4 Nf6 2. c4 e6 3. Nf3 Bb4+ 4. Nbd2 b6 5. a3 Bxd2+ 6. Qxd2 Bb7 7. e3 0-0 8. b4 d6 9. Bb2 Ne4 10. Qc2 Nd7 11. Be2 f5 12. 0-0 Qe7 13. Rad1 Ng5 14. Nxg5 Qxg5 15. d5 Rae8 16. f4 Qe7 17. Rf3 Nf6 18. Rg3 e5 19. fxe5 dxe5 20. Rf1 Ne4 21. Rgf3 g6 22. Bd3 Nf6 23. Rg3 Nh5 24. Rh3 e4 25. Be2 Nf6 26. Qc3 h5 27. Bxh5 gxh5 28. Rxf5 Bc8 29. Rg3+ Kh7 30. Rxf6 Rxf6 31. Qxf6 Bg4 32. h3 Qxf6 33. Bxf6 Kg6 34. hxg4 hxg4 35. Bd8 Rxd8 36. Rxg4+ Kf5 37. Rg7 Rc8 38. b5 Kf6 39. Rh7 Ke5 40. Re7+ Kf5 41. Kf2 1-0

[Event "Central America-ch 24th"]
[Site "San Salvador"]
[Date "2023.01.21"]
[Round "8"]
[White "Alfaro Caracas, William"]
[Black "Christie, Joshua"]
[Result "0-1"]
[WhiteElo "2091"]
[BlackElo "2204"]
[PlyCount "92"]
[EventDate "2023.01.21"]
[EventType "swiss"]
[EventRounds "11"]
[EventCountry "ESA"]
[SourceTitle "CBM 212 Extra"]
[Source "ChessBase"]
[SourceDate "2023.03.31"]
[SourceVersion "1"]
[SourceVersionDate "2023.03.31"]
[SourceQuality "1"]

1. d4 Nf6 2. Nf3 e6 3. c4 Bb4+ 4. Nbd2 b6 5. g3 Bb7 6. Bg2 0-0 7. 0-0 a5 8. Qc2 Bxd2 9. Bxd2 Be4 10. Qb3 d6 11. Bc3 Nbd7 12. Nd2 Bxg2 13. Kxg2 Qc8 14. Qc2 Qb7+ 15. Kg1 Rfe8 16. e4 e5 17. d5 Nc5 18. f4 Nfd7 19. f5 b5 20. b4 Na4 21. Kh1 Reb8 22. bxa5 Nxc3 23. Qxc3 b4 24. Qe3 Qa7 25. Qxa7 Rxa7 26. Nb3 Nc5 27. Nxc5 dxc5 28. a3 b3 29. Rfb1 Rxa5 30. a4 Rb4 31. Ra3 b2 32. Ra2 Kf8 33. Rbxb2 Rxc4 34. Rb5 Rxb5 35. axb5 Ke7 36. Ra7 Kd6 37. Ra6+ Kd7 38. Ra7 Rb4 39. Rb7 Kc8 40. Ra7 Kb8 41. Ra5 Kb7 42. Kg2 Rxe4 43. Ra6 Rd4 44. f6 g6 45. Re6 Rxd5 46. Re7 c4 0-1

[Event "Central America-ch 24th"]
[Site "San Salvador"]
[Date "2023.01.21"]
[Round "7"]
[White "Christie, Joshua"]
[Black "Boggiano Pereira, Miguel A"]
[Result "1-0"]
[WhiteElo "2204"]
[BlackElo "1919"]
[PlyCount "59"]
[EventDate "2023.01.21"]
[EventType "swiss"]
[EventRounds "11"]
[EventCountry "ESA"]
[SourceTitle "CBM 212 Extra"]
[Source "ChessBase"]
[SourceDate "2023.03.31"]
[SourceVersion "1"]
[SourceVersionDate "2023.03.31"]
[SourceQuality "1"]

1. d4 Nf6 2. c4 c5 3. d5 b5 4. cxb5 a6 5. b6 g6 6. Nc3 d6 7. Nf3 Bg7 8. Nd2 Nbd7 9. e4 0-0 10. a4 a5 11. Be2 Ba6 12. 0-0 Qxb6 13. Bb5 Bxb5 14. Nxb5 Ne5 15. Qe2 g5 16. Nc4 Nxc4 17. Qxc4 h6 18. f4 gxf4 19. Bxf4 Ng4 20. Qe2 Ne5 21. Ra3 c4+ 22. Be3 Qd8 23. Bd4 e6 24. Rg3 Kh7 25. Qh5 Ng6 26. Bxg7 Kxg7 27. Rxf7+ Rxf7 28. Rxg6+ Kf8 29. Qxh6+ Ke7 30. Rxe6+ 1-0

[Event "Central America-ch 24th"]
[Site "San Salvador"]
[Date "2023.01.21"]
[Round "6"]
[White "Ortiz, Marcos"]
[Black "Christie, Joshua"]
[Result "1-0"]
[WhiteElo "2221"]
[BlackElo "2204"]
[PlyCount "105"]
[EventDate "2023.01.21"]
[EventType "swiss"]
[EventRounds "11"]
[EventCountry "ESA"]
[SourceTitle "CBM 212 Extra"]
[Source "ChessBase"]
[SourceDate "2023.03.31"]
[SourceVersion "1"]
[SourceVersionDate "2023.03.31"]
[SourceQuality "1"]

1. e4 e6 2. d4 d5 3. Nc3 Bb4 4. e5 c5 5. Bd2 cxd4 6. Nb5 Bf8 7. f4 Nc6 8. Nf3 Bc5 9. b4 Nxb4 10. Nbxd4 Ne7 11. Nb3 b6 12. c3 Nbc6 13. Bd3 Nf5 14. Nxc5 bxc5 15. 0-0 c4 16. Bxf5 exf5 17. Be3 0-0 18. Nd4 Nxd4 19. Bxd4 Qh4 20. Rb1 Be6 21. Qa4 h6 22. Rb7 a5 23. Qa3 Qg4 24. h3 Qg3 25. Qb2 a4 26. a3 Kh7 27. Rf3 Qe1+ 28. Rf1 Qg3 29. Rf3 Qe1+ 30. Rf1 Qe4 31. Qd2 Rab8 32. Qb2 Rxb7 33. Qxb7 g5 34. fxg5 Rg8 35. Qb1 hxg5 36. Re1 Qxb1 37. Rxb1 f4 38. Rb4 Ra8 39. Kh2 Kg6 40. g3 Rh8 41. gxf4 Rxh3+ 42. Kg2 gxf4 43. Rxa4 f3+ 44. Kg1 Kf5 45. Rb4 Ke4 46. Rb2 Rg3+ 47. Kh1 Rg8 48. Ra2 Rb8 49. a4 Bc8 50. a5 Ba6 51. Kh2 Rb1 52. Kg3 Rg1+ 53. Bxg1 1-0

[Event "Central America-ch 24th"]
[Site "San Salvador"]
[Date "2023.01.21"]
[Round "4"]
[White "Valdes Romero, Leonardo"]
[Black "Christie, Joshua"]
[Result "1-0"]
[WhiteElo "2410"]
[BlackElo "2204"]
[PlyCount "83"]
[EventDate "2023.01.21"]
[EventType "swiss"]
[EventRounds "11"]
[EventCountry "ESA"]
[SourceTitle "CBM 212 Extra"]
[Source "ChessBase"]
[SourceDate "2023.03.31"]
[SourceVersion "1"]
[SourceVersionDate "2023.03.31"]
[SourceQuality "1"]

1. Nf3 Nf6 2. c4 g6 3. g3 Bg7 4. Bg2 0-0 5. Nc3 c6 6. d4 d5 7. cxd5 cxd5 8. Ne5 e6 9. 0-0 Nbd7 10. f4 Nb6 11. b3 Bd7 12. Be3 Rc8 13. Qd2 Qe7 14. Rfc1 Rc7 15. a4 Rfc8 16. a5 Na8 17. Nxd7 Nxd7 18. Nb5 Rxc1+ 19. Rxc1 Rxc1+ 20. Qxc1 a6 21. Nc7 Nxc7 22. Qxc7 Qb4 23. Qxd7 Bxd4 24. Qc8+ Kg7 25. Qc1 Bc3 26. Qd1 Qxa5 27. Bd4+ Kg8 28. Bf3 b5 29. Kg2 b4 30. Qd3 Qa1 31. Bc5 Qa2 32. h4 h5 33. Bd6 Kg7 34. Qe3 Qxb3 35. Qb6 Kh7 36. Qc7 Kg8 37. Qc8+ Kh7 38. Qf8 Bg7 39. Qxf7 Kh6 40. f5 exf5 41. Bf4+ Kh7 42. Be5 1-0

[Event "Titled Tuesday intern op 03rd Jan Early"]
[Site "Chess.com INT"]
[Date "2023.01.03"]
[Round "8"]
[White "Blokhin, Sofia"]
[Black "Christie, Joshua"]
[Result "0-1"]
[WhiteElo "2037"]
[BlackElo "2294"]
[PlyCount "68"]
[EventDate "2023.01.03"]
[EventType "swiss (blitz)"]
[EventRounds "11"]
[EventCountry "USA"]
[SourceTitle "EXT 2024"]
[Source "ChessBase"]
[SourceDate "2023.10.10"]
[SourceVersion "1"]
[SourceVersionDate "2023.10.10"]
[SourceQuality "1"]

1. d4 Nf6 2. c4 e6 3. Nc3 Bb4 4. f3 d5 5. e3 0-0 6. a3 Be7 7. cxd5 exd5 8. Bd3 c5 9. Nge2 Nc6 10. Bb1 Re8 11. 0-0 a6 12. Qc2 g6 13. Ba2 Bf5 14. e4 dxe4 15. fxe4 Nxd4 16. Nxd4 Qxd4+ 17. Kh1 Be6 18. Bxe6 fxe6 19. Bg5 Ng4 20. Rad1 Qg7 21. Bxe7 Qxe7 22. e5 Ne3 23. Qe4 Nxf1 24. Rxf1 Rf8 25. Re1 Rf5 26. Qc4 Raf8 27. h3 b5 28. Qd3 Qh4 29. Rd1 Rxe5 30. Qd6 Re1+ 31. Kh2 Rff1 32. Qb8+ Kg7 33. Rd7+ Kh6 34. g3 Rf2# 0-1

[Event "Titled Tuesday intern op 03rd Jan Early"]
[Site "Chess.com INT"]
[Date "2023.01.03"]
[Round "9"]
[White "Christie, Joshua"]
[Black "Mekhitarian, Krikor Sevag"]
[Result "0-1"]
[WhiteElo "2294"]
[BlackElo "2551"]
[PlyCount "84"]
[EventDate "2023.01.03"]
[EventType "swiss (blitz)"]
[EventRounds "11"]
[EventCountry "USA"]
[SourceTitle "EXT 2024"]
[Source "ChessBase"]
[SourceDate "2023.10.10"]
[SourceVersion "1"]
[SourceVersionDate "2023.10.10"]
[SourceQuality "1"]

1. Nf3 g6 2. g3 Bg7 3. Bg2 e5 4. d3 d5 5. 0-0 Ne7 6. e4 0-0 7. Nbd2 Nbc6 8. Re1 d4 9. a4 h6 10. Nc4 Be6 11. a5 Qd7 12. Bd2 b5 13. axb6 cxb6 14. Qc1 Kh7 15. h4 Rfc8 16. h5 b5 17. hxg6+ fxg6 18. Na5 Nxa5 19. Rxa5 a6 20. Ra1 Nc6 21. Qd1 Bg4 22. Qc1 Rf8 23. Nh2 Bh3 24. Rf1 b4 25. Qd1 Be6 26. f4 a5 27. f5 gxf5 28. Qh5 Ne7 29. exf5 Bxf5 30. Rxf5 Rxf5 31. Be4 Kg8 32. Bxf5 Qxf5 33. Qxf5 Nxf5 34. Bxb4 Ne3 35. Rxa5 Rb8 36. c3 Nc2 37. Ra4 Ne1 38. cxd4 Nxd3 39. Bc3 e4 40. d5 Nxb2 41. Bxb2 Rxb2 42. Rxe4 Rd2 0-1

[Event "Titled Tuesday intern op 03rd Jan Early"]
[Site "Chess.com INT"]
[Date "2023.01.03"]
[Round "3"]
[White "Zhou, Aiden"]
[Black "Christie, Joshua"]
[Result "1/2-1/2"]
[WhiteElo "2135"]
[BlackElo "2294"]
[PlyCount "108"]
[EventDate "2023.01.03"]
[EventType "swiss (blitz)"]
[EventRounds "11"]
[EventCountry "USA"]
[SourceTitle "EXT 2024"]
[Source "ChessBase"]
[SourceDate "2023.10.10"]
[SourceVersion "1"]
[SourceVersionDate "2023.10.10"]
[SourceQuality "1"]

1. d4 Nf6 2. c4 e6 3. Nf3 Bb4+ 4. Bd2 Qe7 5. g3 0-0 6. Bg2 Bxd2+ 7. Qxd2 d6 8. Nc3 Re8 9. 0-0 e5 10. e4 Bg4 11. Ne1 Nc6 12. Nc2 a5 13. Rae1 exd4 14. Nxd4 Nxd4 15. Qxd4 Qe5 16. Qxe5 dxe5 17. f3 Be6 18. Nd5 Rac8 19. b3 c6 20. Nxf6+ gxf6 21. Rd1 Rcd8 22. Kf2 c5 23. Rxd8 Rxd8 24. Ke2 Kf8 25. Rd1 Rd4 26. Rxd4 cxd4 27. Kd3 Ke7 28. a3 b5 29. f4 bxc4+ 30. bxc4 Kd6 31. f5 Bc8 32. Bf3 Bd7 33. Bh5 Be8 34. h4 h6 35. Bd1 Kc5 36. Bh5 Kb6 37. Bd1 a4 38. Bh5 Kc5 39. Bd1 Kd6 40. Bh5 Ke7 41. Bd1 Bc6 42. Bh5 Bb7 43. Bf3 Ba6 44. Bh5 Kf8 45. Bf3 Kg7 46. Bh5 Kf8 47. Bf3 Ke7 48. Bh5 Bb7 49. Bf3 Bc6 50. Bh5 Be8 51. Bg4 Kd6 52. Bh5 Kc5 53. Be2 Bd7 54. Bh5 Be8 1/2-1/2

[Event "Olympiad-44"]
[Site "Chennai"]
[Date "2022.08.03"]
[Round "6.1"]
[White "Munoz Santana, Jose Lisandro"]
[Black "Christie, Joshua"]
[Result "1/2-1/2"]
[WhiteElo "2423"]
[BlackElo "2272"]
[PlyCount "85"]
[EventDate "2022.07.29"]
[EventType "team-swiss"]
[EventRounds "11"]
[EventCountry "IND"]
[SourceTitle "CBM 210"]
[Source "ChessBase"]
[SourceDate "2022.10.31"]
[SourceVersion "1"]
[SourceVersionDate "2022.10.31"]
[SourceQuality "1"]
[WhiteTeam "Dominican Republic"]
[BlackTeam "Jamaica"]
[WhiteTeamCountry "DOM"]
[BlackTeamCountry "JAM"]

1. e4 e5 2. Nf3 Nc6 3. Bc4 Nf6 4. d3 Be7 5. 0-0 0-0 6. Re1 d6 7. a4 Na5 8. Ba2 c5 9. c3 Nc6 10. Na3 a6 11. Nc2 h6 12. h3 Re8 13. Ne3 Bf8 14. Nh2 Be6 15. Nhg4 Nh7 16. Qf3 Ng5 17. Qe2 Ne7 18. h4 Nh7 19. g3 Qd7 20. a5 Bxa2 21. Rxa2 Qe6 22. Ra4 Rad8 23. Qf3 h5 24. Nh2 Nf6 25. c4 Qd7 26. Qd1 g6 27. Nd5 Nfxd5 28. cxd5 Bg7 29. b4 Rc8 30. bxc5 Rxc5 31. Ba3 Rb5 32. Nf3 Rc8 33. Nd2 Rc3 34. Nc4 Rbb3 35. Nb6 Qh3 36. Bxd6 Rxd3 37. Qxb3 Rxb3 38. Bxe7 Rxg3+ 39. fxg3 Qxg3+ 40. Kf1 Qf3+ 41. Kg1 Qg3+ 42. Kf1 Qf3+ 43. Kg1 1/2-1/2

[Event "Olympiad-44"]
[Site "Chennai"]
[Date "2022.07.31"]
[Round "3.1"]
[White "Kiik, Kalle"]
[Black "Christie, Joshua"]
[Result "1-0"]
[WhiteElo "2365"]
[BlackElo "2272"]
[PlyCount "79"]
[EventDate "2022.07.29"]
[EventType "team-swiss"]
[EventRounds "11"]
[EventCountry "IND"]
[SourceTitle "CBM 210"]
[Source "ChessBase"]
[SourceDate "2022.10.31"]
[SourceVersion "1"]
[SourceVersionDate "2022.10.31"]
[SourceQuality "1"]
[WhiteTeam "Estonia"]
[BlackTeam "Jamaica"]
[WhiteTeamCountry "EST"]
[BlackTeamCountry "JAM"]

1. Nf3 Nf6 2. g3 d5 3. Bg2 g6 4. c4 d4 5. b4 c5 6. a3 Bg7 7. d3 0-0 8. 0-0 Re8 9. Nbd2 e5 10. Ng5 Qc7 11. Nge4 Nbd7 12. Qa4 Re7 13. Rb1 h6 14. bxc5 Nxe4 15. Nxe4 f5 16. c6 Nb6 17. Qb3 Qxc6 18. Nc3 Qe8 19. Nb5 Kh7 20. a4 Qd8 21. Ba3 Nd7 22. a5 Re6 23. c5 Ra6 24. Bb4 Nb8 25. Qf7 Rf6 26. Qc7 Qg8 27. Bxb7 Bxb7 28. Qxb7 Nc6 29. Nd6 Qd5 30. Qxa8 Rf8 31. Qb7 e4 32. Ba3 exd3 33. exd3 Rd8 34. Qb3 Qf3 35. Qd1 Qd5 36. f4 Ne7 37. Qb3 Qc6 38. Qb7 Qa4 39. Qxe7 Rd7 40. Qe6 1-0

[Event "Olympiad-44"]
[Site "Chennai"]
[Date "2022.07.29"]
[Round "1.1"]
[White "Christie, Joshua"]
[Black "Moussard, Jules"]
[Result "0-1"]
[WhiteElo "2272"]
[BlackElo "2672"]
[PlyCount "108"]
[EventDate "2022.07.29"]
[EventType "team-swiss"]
[EventRounds "11"]
[EventCountry "IND"]
[SourceTitle "CBM 210"]
[Source "ChessBase"]
[SourceDate "2022.10.31"]
[SourceVersion "1"]
[SourceVersionDate "2022.10.31"]
[SourceQuality "1"]
[WhiteTeam "Jamaica"]
[BlackTeam "France"]
[WhiteTeamCountry "JAM"]
[BlackTeamCountry "FRA"]

1. d4 Nf6 2. c4 e6 3. g3 d5 4. Bg2 Bb4+ 5. Bd2 a5 6. Nf3 0-0 7. 0-0 dxc4 8. Qc2 Bxd2 9. Nbxd2 b5 10. b3 cxb3 11. axb3 Bb7 12. Rfc1 c6 13. Ne4 Nxe4 14. Qxe4 Na6 15. h4 h6 16. Ne5 Nb4 17. Rc3 Qd6 18. g4 Nd5 19. Rg3 f5 20. gxf5 exf5 21. Qf3 Rf6 22. h5 c5 23. Nc4 bxc4 24. bxc4 cxd4 25. cxd5 a4 26. Qa3 Bxd5 27. Qxd6 Rxd6 28. Rga3 Bxg2 29. Kxg2 d3 30. exd3 Rd4 31. Kf3 Kf7 32. Ke3 Rh4 33. d4 Rh3+ 34. f3 Re8+ 35. Kf4 Rxh5 36. Rxa4 Rh4+ 37. Kg3 g5 38. Ra7+ Re7 39. d5 Rxa7 40. Rxa7+ Kg6 41. Ra6+ Kf7 42. Kf2 h5 43. Ke3 Rh3 44. Ra7+ Kf6 45. Kd4 Rh4+ 46. Kc5 Rh1 47. Rh7 Ke5 48. d6 Rc1+ 49. Kb5 Kxd6 50. Rxh5 Rg1 51. f4 g4 52. Kc4 g3 53. Rh6+ Ke7 54. Kd3 g2 0-1

[Event "San Pedro de Macoris zt 2.3"]
[Site "San Pedro de Macoris"]
[Date "2022.03.20"]
[Round "2"]
[White "Barrientos Chavarriaga, Sergio E"]
[Black "Christie, Joshua"]
[Result "1-0"]
[WhiteElo "2468"]
[BlackElo "2224"]
[PlyCount "107"]
[EventDate "2022.03.20"]
[EventType "swiss"]
[EventRounds "9"]
[EventCountry "DOM"]
[SourceTitle "EXT 2023"]
[Source "ChessBase"]
[SourceDate "2022.10.05"]
[SourceVersion "1"]
[SourceVersionDate "2022.10.05"]
[SourceQuality "1"]

1. d4 Nf6 2. c4 e6 3. g3 Bb4+ 4. Bd2 Qe7 5. Bg2 0-0 6. Nf3 Bxd2+ 7. Nbxd2 d6 8. 0-0 e5 9. e4 Bg4 10. Qb3 Bxf3 11. Bxf3 Nc6 12. d5 Nd4 13. Qd3 a5 14. Bg2 Nd7 15. Rae1 a4 16. f4 Nc5 17. Qc3 Rfb8 18. fxe5 Qxe5 19. Kh1 f6 20. Rd1 a3 21. Nb1 axb2 22. Rxd4 Rxa2 23. Rd2 Na4 24. Qb3 Ra1 25. c5 b5 26. cxd6 cxd6 27. Rc2 Qd4 28. h4 b4 29. Kh2 h6 30. Rc7 Qb6 31. Rc6 Qd4 32. Rxd6 Nc5 33. Qf3 Qd3 34. Rc6 Qxb1 35. Rxb1 Rxb1 36. Qf2 Nd7 37. Qc2 Re1 38. Qxb2 b3 39. Bh3 Ne5 40. Rc8+ Rxc8 41. Bxc8 Re3 42. d6 Rd3 43. Be6+ Kh7 44. Bxb3 Rxd6 45. Bd5 Rd8 46. Kh3 h5 47. Qb7 Re8 48. Qc7 Rf8 49. Be6 Ra8 50. Bf5+ Kh8 51. Qd6 Re8 52. Qa6 Rd8 53. Qa5 Rb8 54. Bg6 1-0

[Event "Titled Tuesday intern op 01st Mar Late"]
[Site "Chess.com INT"]
[Date "2022.03.01"]
[Round "6"]
[White "Christie, Joshua"]
[Black "Kosakowski, Jakub"]
[Result "0-1"]
[WhiteElo "2224"]
[BlackElo "2442"]
[PlyCount "72"]
[EventDate "2022.03.01"]
[EventType "swiss (blitz)"]
[EventRounds "11"]
[EventCountry "USA"]
[SourceTitle "CBM 207 Extra"]
[Source "ChessBase"]
[SourceDate "2022.05.31"]
[SourceVersion "1"]
[SourceVersionDate "2022.05.31"]
[SourceQuality "1"]

1. c4 e5 2. Nc3 Bb4 3. g3 Bxc3 4. dxc3 Nf6 5. e4 0-0 6. f3 d6 7. Bg2 Be6 8. b3 a5 9. Nh3 a4 10. Be3 h6 11. 0-0 Qc8 12. Nf2 Nbd7 13. f4 exf4 14. gxf4 axb3 15. axb3 Rxa1 16. Qxa1 Ng4 17. Nxg4 Bxg4 18. Qe1 Re8 19. Qg3 f5 20. Bd4 c5 21. Be3 Nf6 22. e5 dxe5 23. fxe5 Nh5 24. Qf2 Rxe5 25. h3 Nf6 26. Bxc5 Rxc5 27. hxg4 Nxg4 28. Qd4 Qc7 29. Re1 Qh2+ 30. Kf1 Re5 31. Rxe5 Nxe5 32. Qd5+ Kh7 33. Qxb7 Qf4+ 34. Kg1 Qe3+ 35. Kf1 Ng4 36. Bf3 Qf2# 0-1

[Event "Titled Tuesday intern op 01st Mar Late"]
[Site "Chess.com INT"]
[Date "2022.03.01"]
[Round "5"]
[White "Christie, Joshua"]
[Black "Zarubitski, Viachaslau"]
[Result "0-1"]
[WhiteElo "2224"]
[BlackElo "2434"]
[PlyCount "68"]
[EventDate "2022.03.01"]
[EventType "swiss (blitz)"]
[EventRounds "11"]
[EventCountry "USA"]
[SourceTitle "CBM 207 Extra"]
[Source "ChessBase"]
[SourceDate "2022.05.31"]
[SourceVersion "1"]
[SourceVersionDate "2022.05.31"]
[SourceQuality "1"]

1. c4 Nf6 2. Nc3 e6 3. d4 Nc6 4. Nf3 Bb4 5. Bg5 h6 6. Bh4 d5 7. e3 g5 8. Bg3 Ne4 9. Qc2 h5 10. Bd3 h4 11. Be5 f6 12. Bxe4 dxe4 13. Qxe4 fxe5 14. d5 exd5 15. cxd5 Bxc3+ 16. bxc3 Ne7 17. Qxe5 Rf8 18. e4 g4 19. Qh5+ Kd7 20. Qxg4+ Nf5 21. 0-0 Qf6 22. exf5 Kd8 23. Rfe1 Bxf5 24. Qb4 Kc8 25. Nd4 Be4 26. Re2 a5 27. Qa3 Bxd5 28. Rae1 b6 29. c4 Bxc4 30. Rc2 Kb7 31. Nf3 Bd5 32. Re7 Rac8 33. Qe3 Bxf3 34. gxf3 Qg6+ 0-1